[Event "Bad Woerishofen op 36th"]
[Site "Bad Woerishofen"]
[Date "2020.03.09"]
[Round "4"]
[White "Schatz, Christian"]
[Black "Eckardt, Joshua"]
[Result "1/2-1/2"]
[WhiteElo "2154"]
[BlackElo "2270"]
[PlyCount "31"]
[EventDate "2020.03.06"]
[EventType "swiss"]
[EventRounds "9"]
[EventCountry "GER"]
[SourceTitle "CBM 195 Extra"]
[Source "ChessBase"]
[SourceDate "2020.05.31"]
[SourceVersion "1"]
[SourceVersionDate "2020.05.31"]
[SourceQuality "1"]

1. Nf3 Nf6 2. c4 c5 3. d4 cxd4 4. Nxd4 g6 5. g3 Bg7 6. Bg2 d5 7. 0-0 0-0 8. Qb3 e5 9. Nc2 dxc4 10. Qxc4 Nc6 11. Nc3 Be6 12. Qb5 Qc7 13. Be3 Rfd8 14. Rac1 Rac8 15. Rfd1 h6 16. h3 1/2-1/2

[Event "Bad Woerishofen op 36th"]
[Site "Bad Woerishofen"]
[Date "2020.03.08"]
[Round "3"]
[White "Eckardt, Joshua"]
[Black "Vorobiov, Evgeny E"]
[Result "0-1"]
[WhiteElo "2270"]
[BlackElo "2534"]
[PlyCount "58"]
[EventDate "2020.03.06"]
[EventType "swiss"]
[EventRounds "9"]
[EventCountry "GER"]
[SourceTitle "CBM 195 Extra"]
[Source "ChessBase"]
[SourceDate "2020.05.31"]
[SourceVersion "1"]
[SourceVersionDate "2020.05.31"]
[SourceQuality "1"]

1. d4 Nf6 2. c4 e6 3. g3 Bb4+ 4. Bd2 c5 5. Bxb4 cxb4 6. Bg2 0-0 7. e4 d6 8. Ne2 a5 9. 0-0 e5 10. a3 Na6 11. axb4 axb4 12. Nd2 Bd7 13. h3 Re8 14. Kh2 Rc8 15. Re1 exd4 16. Nxd4 Qb6 17. N4b3 Nc5 18. Nxc5 Qxc5 19. f4 Qd4 20. Nb3 Qxd1 21. Rexd1 Nxe4 22. Rd4 Bc6 23. Bxe4 Rxe4 24. Rxe4 Bxe4 25. Ra4 Bd3 26. Rxb4 Rxc4 27. Rxb7 h5 28. Kg1 h4 29. Kf2 Rc2+ 0-1

[Event "Erfurt op-A 29th"]
[Site "Erfurt"]
[Date "2019.12.28"]
[Round "5"]
[White "Eckardt, Joshua"]
[Black "Miszler, Levente"]
[Result "1/2-1/2"]
[WhiteElo "2277"]
[BlackElo "2167"]
[PlyCount "56"]
[EventDate "2019.12.26"]
[EventType "swiss"]
[EventRounds "8"]
[EventCountry "GER"]
[SourceTitle "CBM 194 Extra"]
[Source "ChessBase"]
[SourceDate "2020.03.31"]
[SourceVersion "1"]
[SourceVersionDate "2020.03.31"]
[SourceQuality "1"]

1. d4 Nf6 2. c4 g6 3. Nc3 Bg7 4. Nf3 0-0 5. g3 d6 6. Bg2 Nbd7 7. 0-0 e5 8. e4 h6 9. h3 c6 10. Be3 Qc7 11. Qc2 b6 12. Rfd1 Bb7 13. Rac1 Rac8 14. b3 Rfd8 15. Qd2 Kh7 16. Ne1 exd4 17. Bxd4 Nc5 18. b4 Ne6 19. Be3 Qe7 20. Nc2 Nc7 21. Bf4 Nh5 22. Be3 d5 23. exd5 cxd5 24. Nxd5 Nxd5 25. cxd5 Bxd5 26. Bxd5 Nf6 27. Nd4 Rxc1 28. Qxc1 Rxd5 1/2-1/2

[Event "Erfurt op-A 29th"]
[Site "Erfurt"]
[Date "2019.12.27"]
[Round "3"]
[White "Eckardt, Joshua"]
[Black "Gschnitzer, Adrian"]
[Result "0-1"]
[WhiteElo "2277"]
[BlackElo "2408"]
[PlyCount "40"]
[EventDate "2019.12.26"]
[EventType "swiss"]
[EventRounds "8"]
[EventCountry "GER"]
[SourceTitle "CBM 194 Extra"]
[Source "ChessBase"]
[SourceDate "2020.03.31"]
[SourceVersion "1"]
[SourceVersionDate "2020.03.31"]
[SourceQuality "1"]

1. d4 Nf6 2. c4 c5 3. d5 b5 4. Qc2 b4 5. e4 d6 6. a3 bxa3 7. Rxa3 g6 8. Nf3 Bg7 9. Be2 0-0 10. 0-0 Na6 11. Nc3 Nb4 12. Qd2 Bg4 13. e5 Nd7 14. exd6 exd6 15. b3 Re8 16. Bb2 a6 17. h3 Bxf3 18. Bxf3 Qh4 19. g3 Qxh3 20. Bg2 Qg4 0-1

[Event "Schwarzach op 34th"]
[Site "Schwarzach"]
[Date "2019.07.21"]
[Round "9"]
[White "Eckardt, Joshua"]
[Black "Bethke, Richard"]
[Result "0-1"]
[WhiteElo "2236"]
[BlackElo "2346"]
[PlyCount "160"]
[EventDate "2019.07.13"]
[EventType "swiss"]
[EventRounds "9"]
[EventCountry "AUT"]
[SourceTitle "EXT 2020"]
[Source "ChessBase"]
[SourceDate "2019.10.17"]
[SourceVersion "1"]
[SourceVersionDate "2019.10.17"]
[SourceQuality "1"]

1. d4 Nf6 2. c4 e6 3. g3 d5 4. Nf3 Bb4+ 5. Bd2 Bd6 6. Nc3 0-0 7. Bg2 c6 8. 0-0 Nbd7 9. Bg5 h6 10. Bxf6 Nxf6 11. Qc2 b6 12. e4 Bb4 13. exd5 cxd5 14. cxd5 exd5 15. Rac1 Ba6 16. Rfd1 Bxc3 17. Qxc3 Ne4 18. Qa3 Be2 19. Re1 Bxf3 20. Bxf3 f5 21. Bg2 Qf6 22. Qd3 Rac8 23. Rxc8 Rxc8 24. f3 Nd6 25. b3 f4 26. Bh3 Re8 27. Rxe8+ Nxe8 28. gxf4 Qxf4 29. Be6+ Kh8 30. Qc3 Nc7 31. Bd7 h5 32. Kg2 Qd6 33. Qc6 Qxc6 34. Bxc6 g5 35. Kg3 Ne6 36. Bxd5 Nxd4 37. Bc4 Kg7 38. Bd3 Ne6 39. Kf2 Kf6 40. Ke3 Ke5 41. Bc4 Nd4 42. Bd3 Nf5+ 43. Bxf5 Kxf5 44. Kf2 Kf4 45. Ke2 b5 46. b4 g4 47. fxg4 Kxg4 48. Kf2 Kf4 49. Kg2 Ke4 50. Kg3 Kd4 51. Kh4 Kc4 52. Kxh5 Kxb4 53. Kg4 Ka3 54. h4 Kxa2 55. h5 b4 56. h6 b3 57. h7 b2 58. h8Q b1Q 59. Qd4 Qg6+ 60. Kf3 Qf5+ 61. Ke2 Qb5+ 62. Kf3 a5 63. Qd2+ Ka3 64. Qc1+ Qb2 65. Qc5+ Qb4 66. Qc1+ Ka2 67. Ke2 Qd4 68. Qc2+ Ka3 69. Qc1+ Kb3 70. Ke1 Qc3+ 71. Kd1 Qd3+ 72. Ke1 a4 73. Qf4 Qc3+ 74. Ke2 Qc2+ 75. Ke1 a3 76. Qb8+ Ka2 77. Qg8+ Kb1 78. Qb8+ Qb2 79. Qg3 Qc1+ 80. Ke2 a2 0-1

[Event "Schwarzach op 34th"]
[Site "Schwarzach"]
[Date "2019.07.20"]
[Round "8"]
[White "Krstic, Uros"]
[Black "Eckardt, Joshua"]
[Result "0-1"]
[WhiteElo "2362"]
[BlackElo "2236"]
[PlyCount "58"]
[EventDate "2019.07.13"]
[EventType "swiss"]
[EventRounds "9"]
[EventCountry "AUT"]
[SourceTitle "EXT 2020"]
[Source "ChessBase"]
[SourceDate "2019.10.17"]
[SourceVersion "1"]
[SourceVersionDate "2019.10.17"]
[SourceQuality "1"]

1. d4 Nf6 2. Nf3 g6 3. Bg5 Bg7 4. Nbd2 0-0 5. c3 d6 6. e4 c5 7. dxc5 dxc5 8. Be2 Nc6 9. 0-0 h6 10. Be3 b6 11. h3 Bb7 12. Qc2 Qc7 13. Rfe1 Rac8 14. Bf1 Rfd8 15. Rad1 Qb8 16. e5 Nd5 17. e6 f5 18. Nc4 b5 19. Na3 Nxe3 20. Rxe3 Nd4 21. Nxd4 cxd4 22. Ree1 b4 23. Nb1 dxc3 24. Rxd8+ Rxd8 25. bxc3 bxc3 26. Bd3 Qd6 27. Bf1 Be4 28. Qa4 c2 29. Na3 Qd2 0-1

[Event "Schwarzach op 34th"]
[Site "Schwarzach"]
[Date "2019.07.19"]
[Round "7"]
[White "Eckardt, Joshua"]
[Black "Schnepp, Gunnar"]
[Result "0-1"]
[WhiteElo "2236"]
[BlackElo "2292"]
[PlyCount "78"]
[EventDate "2019.07.13"]
[EventType "swiss"]
[EventRounds "9"]
[EventCountry "AUT"]
[SourceTitle "EXT 2020"]
[Source "ChessBase"]
[SourceDate "2019.10.17"]
[SourceVersion "1"]
[SourceVersionDate "2019.10.17"]
[SourceQuality "1"]

1. d4 Nf6 2. c4 c5 3. d5 b5 4. Qc2 Na6 5. a3 Qa5+ 6. Bd2 b4 7. e4 d6 8. Bd3 g6 9. Nf3 Bg7 10. 0-0 0-0 11. h3 Nd7 12. Bf4 b3 13. Qe2 Nb4 14. Bd2 Qa6 15. Bc3 Nxd3 16. Qxd3 f6 17. a4 Nb6 18. Nbd2 Nxa4 19. Ra3 Bd7 20. Rfa1 Rfb8 21. Nxb3 Qc8 22. Nbd2 Nxc3 23. bxc3 Qc7 24. Ra5 Rb2 25. Qf1 Rc2 26. Qd3 Rc1+ 27. Rxc1 Qxa5 28. Rb1 Qc7 29. Ne1 Rb8 30. Kf1 f5 31. f3 Rxb1 32. Nxb1 Qb6 33. Qc2 Qa6 34. Nd2 Qa1 35. Nb1 fxe4 36. fxe4 Ba4 37. Qd3 Bb3 38. Nd2 Ba2 39. Qf3 Bxc3 0-1

[Event "Schwarzach op 34th"]
[Site "Schwarzach"]
[Date "2019.07.18"]
[Round "6"]
[White "Milov, Leonid"]
[Black "Eckardt, Joshua"]
[Result "1/2-1/2"]
[WhiteElo "2472"]
[BlackElo "2236"]
[PlyCount "43"]
[EventDate "2019.07.13"]
[EventType "swiss"]
[EventRounds "9"]
[EventCountry "AUT"]
[SourceTitle "EXT 2020"]
[Source "ChessBase"]
[SourceDate "2019.10.17"]
[SourceVersion "1"]
[SourceVersionDate "2019.10.17"]
[SourceQuality "1"]

1. e4 e6 2. Nf3 d5 3. e5 c5 4. c3 Nc6 5. Na3 Bd7 6. d4 cxd4 7. cxd4 Qb6 8. Nc2 Rc8 9. Be2 Nge7 10. 0-0 Nf5 11. g4 Nfe7 12. Bd2 h5 13. h3 hxg4 14. hxg4 Na5 15. b3 Bb5 16. Rc1 Nac6 17. Be3 Ng6 18. Nce1 Ba3 19. Rc2 0-0 20. Nd3 Nb4 21. Nxb4 Bxb4 22. Bd3 1/2-1/2

[Event "Schwarzach op 34th"]
[Site "Schwarzach"]
[Date "2019.07.17"]
[Round "5"]
[White "Eckardt, Joshua"]
[Black "Belke, Frank"]
[Result "1-0"]
[WhiteElo "2236"]
[BlackElo "2301"]
[PlyCount "83"]
[EventDate "2019.07.13"]
[EventType "swiss"]
[EventRounds "9"]
[EventCountry "AUT"]
[SourceTitle "EXT 2020"]
[Source "ChessBase"]
[SourceDate "2019.10.17"]
[SourceVersion "1"]
[SourceVersionDate "2019.10.17"]
[SourceQuality "1"]

1. d4 Nf6 2. c4 g6 3. Nc3 d5 4. Nf3 Bg7 5. Qb3 dxc4 6. Qxc4 0-0 7. e4 a6 8. Be2 b5 9. Qb3 Nc6 10. e5 Be6 11. exf6 Bxb3 12. fxg7 Kxg7 13. axb3 Nxd4 14. Nxd4 Qxd4 15. 0-0 Qd6 16. Bf3 Rad8 17. Be3 Qb4 18. Ra3 Rd3 19. Ne4 Rxe3 20. fxe3 Rd8 21. Rxa6 Qxb3 22. Rc6 Qxe3+ 23. Kh1 Rd4 24. Rc3 Qf4 25. g3 Qe5 26. Rc5 Rd5 27. Rc2 Rd3 28. Re2 Qd4 29. Kg2 c5 30. Rfe1 b4 31. Nf2 Rd2 32. Rxd2 Qxd2 33. Re2 Qd4 34. Rxe7 c4 35. Re2 f5 36. h4 c3 37. bxc3 Qxc3 38. Nd1 Qc5 39. Nb2 h6 40. Nd3 Qc3 41. Nf4 g5 42. Re7+ 1-0

[Event "Schwarzach op 34th"]
[Site "Schwarzach"]
[Date "2019.07.16"]
[Round "4"]
[White "Stevic, Hrvoje"]
[Black "Eckardt, Joshua"]
[Result "1-0"]
[WhiteElo "2569"]
[BlackElo "2236"]
[PlyCount "73"]
[EventDate "2019.07.13"]
[EventType "swiss"]
[EventRounds "9"]
[EventCountry "AUT"]
[SourceTitle "EXT 2020"]
[Source "ChessBase"]
[SourceDate "2019.10.17"]
[SourceVersion "1"]
[SourceVersionDate "2019.10.17"]
[SourceQuality "1"]

1. e4 e6 2. d4 d5 3. Nd2 c5 4. Ngf3 cxd4 5. Nxd4 Nf6 6. exd5 Qxd5 7. Nb5 Na6 8. Nc3 Qd6 9. a3 Bd7 10. Qf3 Bc6 11. Qe3 Be7 12. Nc4 Qc7 13. Qg3 Qxg3 14. hxg3 0-0 15. Na5 Nc5 16. b4 Ncd7 17. Bb2 Rac8 18. 0-0-0 Nd5 19. Nxd5 Bxd5 20. Nxb7 Nb6 21. Na5 Rfd8 22. Bd3 Bxg2 23. Bxh7+ Kf8 24. Rxd8+ Bxd8 25. Rh2 Bf3 26. Bd3 Bg5+ 27. Kb1 Bh6 28. Bc1 Na4 29. Bxh6 gxh6 30. Rxh6 Rc3 31. Bb5 Rxa3 32. Bxa4 Rxa4 33. Rh8+ Ke7 34. Rb8 Kd6 35. c3 Ke5 36. Kb2 Ke4 37. Nb3 1-0

[Event "Schwarzach op 34th"]
[Site "Schwarzach"]
[Date "2019.07.15"]
[Round "3"]
[White "Eckardt, Joshua"]
[Black "Danner, Georg"]
[Result "1-0"]
[WhiteElo "2236"]
[BlackElo "2327"]
[PlyCount "105"]
[EventDate "2019.07.13"]
[EventType "swiss"]
[EventRounds "9"]
[EventCountry "AUT"]
[SourceTitle "EXT 2020"]
[Source "ChessBase"]
[SourceDate "2019.10.17"]
[SourceVersion "1"]
[SourceVersionDate "2019.10.17"]
[SourceQuality "1"]

1. d4 Nf6 2. c4 c5 3. d5 g6 4. Nc3 Bg7 5. Nf3 d6 6. g3 0-0 7. Bg2 e5 8. e4 Ne8 9. 0-0 Na6 10. a3 Nac7 11. b4 f5 12. Ne1 b6 13. Nd3 f4 14. Bd2 g5 15. f3 h5 16. a4 Na6 17. Nb5 Bd7 18. Qe2 Rf6 19. a5 Nxb4 20. Nxb4 cxb4 21. Bxb4 fxg3 22. hxg3 h4 23. axb6 a6 24. b7 Qb6+ 25. c5 Qxb7 26. c6 Qb6+ 27. Kh2 Bc8 28. Bd2 Rg6 29. g4 Bf8 30. Rfb1 Qd8 31. Qe3 Rg7 32. Na3 Qf6 33. Nc4 h3 34. Bf1 Rf7 35. Rb3 a5 36. Qxg5+ Qxg5 37. Bxg5 a4 38. Rc3 Rb8 39. Kxh3 Be7 40. Bxe7 Rxe7 41. Rxa4 Rb1 42. Bg2 Kf8 43. Ra8 Rc7 44. Kg3 Ke7 45. f4 exf4+ 46. Kxf4 Kd8 47. g5 Rf7+ 48. Kg3 Rg7 49. Bh3 Rxg5+ 50. Kf4 Rh5 51. Rxc8+ Ke7 52. Rxe8+ Kxe8 53. c7 1-0

[Event "Schwarzach op 34th"]
[Site "Schwarzach"]
[Date "2019.07.14"]
[Round "2"]
[White "Eckardt, Joshua"]
[Black "Makarian, Rudik"]
[Result "1/2-1/2"]
[WhiteElo "2236"]
[BlackElo "2384"]
[PlyCount "111"]
[EventDate "2019.07.13"]
[EventType "swiss"]
[EventRounds "9"]
[EventCountry "AUT"]
[SourceTitle "EXT 2020"]
[Source "ChessBase"]
[SourceDate "2019.10.17"]
[SourceVersion "1"]
[SourceVersionDate "2019.10.17"]
[SourceQuality "1"]

1. d4 Nf6 2. c4 e6 3. g3 d5 4. Nf3 Bb4+ 5. Bd2 Be7 6. Bg2 0-0 7. 0-0 Nbd7 8. Qc2 c6 9. Bf4 a5 10. Rd1 b5 11. Ne5 Bb7 12. cxb5 cxb5 13. Nc6 Bxc6 14. Qxc6 Qb6 15. Qxb6 Nxb6 16. Nd2 Rfc8 17. Rdc1 a4 18. Nf3 a3 19. b3 Rxc1+ 20. Rxc1 Rc8 21. Ne1 Rxc1 22. Bxc1 Ne4 23. Bxe4 dxe4 24. Nc2 b4 25. Bd2 Nd5 26. Ne3 Bg5 27. Nxd5 Bxd2 28. Nb6 f5 29. e3 Kf7 30. h4 Bc3 31. Nc4 Kf6 32. Kg2 Bb2 33. Ne5 h6 34. f3 exf3+ 35. Kxf3 g5 36. hxg5+ hxg5 37. Ke2 Bc3 38. Nf3 Bb2 39. Ne5 Bc3 40. Nf3 Ba1 41. Ne5 Bb2 42. Kd3 Bc3 43. Ke2 Ke7 44. Nf3 g4 45. Ne5 Kd6 46. Nd3 Kc6 47. Ne5+ Kd5 48. Nd3 Kd6 49. Ne5 Kd5 50. Nd3 Kd6 51. Ne5 Kd5 52. Nd3 Kc6 53. Ne5+ Kd6 54. Nd3 Kc6 55. Ne5+ Kd6 56. Nd3 1/2-1/2

[Event "NRW Class2 1819"]
[Site "Germany"]
[Date "2019.05.12"]
[Round "9.2"]
[White "Gruen, Gerd Peter"]
[Black "Eckardt, Joshua"]
[Result "1/2-1/2"]
[WhiteElo "2323"]
[BlackElo "2259"]
[PlyCount "63"]
[EventDate "2018.09.16"]
[EventType "team-tourn"]
[EventRounds "9"]
[EventCountry "GER"]
[SourceTitle "EXT 2023"]
[Source "ChessBase"]
[SourceDate "2022.10.05"]
[SourceVersion "1"]
[SourceVersionDate "2022.10.05"]
[SourceQuality "1"]
[WhiteTeam "Bielefeld"]
[BlackTeam "Iserlohn Koenigsspringer"]
[WhiteTeamCountry "GER"]
[BlackTeamCountry "GER"]

1. d4 Nf6 2. Nf3 g6 3. g3 Bg7 4. Bg2 0-0 5. 0-0 d5 6. c4 c6 7. cxd5 cxd5 8. Nc3 Ne4 9. Nxe4 dxe4 10. Ne5 Nd7 11. Nxd7 Qxd7 12. Bxe4 Qxd4 13. Qxd4 Bxd4 14. Bh6 Rd8 15. Rab1 Be6 16. b3 Bd5 17. Bxd5 Rxd5 18. Rfd1 Rad8 19. Kg2 f6 20. h4 Kf7 21. Rbc1 Bb6 22. Rxd5 Rxd5 23. e4 Rc5 24. Rxc5 Bxc5 25. Bd2 h5 26. Kf3 a6 27. Be3 Bb4 28. Ke2 Ke6 29. Kd3 b5 30. a4 Kd6 31. axb5 axb5 32. Bf4+ 1/2-1/2

[Event "Schwarzach op 33rd"]
[Site "Schwarzach"]
[Date "2018.07.14"]
[Round "1"]
[White "Eckardt, Joshua"]
[Black "Kovacevic, Blazimir"]
[Result "1/2-1/2"]
[WhiteElo "2216"]
[BlackElo "2505"]
[PlyCount "68"]
[EventDate "2018.07.14"]
[EventType "swiss"]
[EventRounds "9"]
[EventCountry "AUT"]
[SourceTitle "EXT 2019"]
[Source "ChessBase"]
[SourceDate "2018.10.10"]
[SourceVersion "1"]
[SourceVersionDate "2018.10.10"]
[SourceQuality "1"]

1. d4 e6 2. c4 Bb4+ 3. Bd2 Bxd2+ 4. Qxd2 f5 5. Nc3 Nf6 6. g3 0-0 7. Bg2 d6 8. Nf3 Qe7 9. 0-0 c6 10. Rfe1 d5 11. Ne5 Nbd7 12. f4 Nxe5 13. fxe5 Ng4 14. cxd5 exd5 15. e3 Be6 16. Ne2 g5 17. b4 Rac8 18. Rac1 b5 19. Rc5 Bd7 20. a4 a6 21. Ra1 Ra8 22. Ra3 Kh8 23. Qa2 Rab8 24. h3 Nh6 25. axb5 Rxb5 26. Rxb5 axb5 27. Ra7 Rf7 28. Qa5 Ng8 29. Rb7 Qf8 30. Ra7 Rg7 31. Kf2 h6 32. Ra8 Qe7 33. Ra7 Qf8 34. Ra8 Qe7 1/2-1/2

[Event "NRW Class1 1718"]
[Site "Germany"]
[Date "2017.12.17"]
[Round "4.2"]
[White "Eckardt, Joshua"]
[Black "Jens, Jelmer"]
[Result "1/2-1/2"]
[WhiteElo "2249"]
[BlackElo "2413"]
[PlyCount "40"]
[EventDate "2017.09.17"]
[EventType "team-tourn"]
[EventRounds "9"]
[EventCountry "GER"]
[SourceTitle "EXT 2019"]
[Source "ChessBase"]
[SourceDate "2018.10.10"]
[SourceVersion "1"]
[SourceVersionDate "2018.10.10"]
[SourceQuality "1"]
[WhiteTeam "Iserlohn Koenigsspringer"]
[BlackTeam "Erkenschwick"]
[WhiteTeamCountry "GER"]
[BlackTeamCountry "GER"]

1. d4 f5 2. Bg5 g6 3. Nc3 Bg7 4. h4 Nc6 5. Nf3 h6 6. Bf4 d6 7. e4 fxe4 8. Nxe4 Bg4 9. d5 Nd4 10. c3 e5 11. cxd4 exf4 12. Bb5+ Bd7 13. Qe2 Ne7 14. h5 g5 15. Nfxg5 hxg5 16. h6 Bxb5 17. Qh5+ Kd7 18. Qg4+ Ke8 19. Qh5+ Kd7 20. Qg4+ Ke8 1/2-1/2

[Event "Oberliga NRW 1617"]
[Site "Germany"]
[Date "2017.01.22"]
[Round "5.3"]
[White "Eckardt, Joshua"]
[Black "Korotkjevich, Stanislav"]
[Result "0-1"]
[WhiteElo "2162"]
[BlackElo "2385"]
[PlyCount "96"]
[EventDate "2016.09.25"]
[EventType "team-tourn"]
[EventRounds "9"]
[EventCountry "GER"]
[SourceTitle "EXT 2020"]
[Source "ChessBase"]
[SourceDate "2019.10.17"]
[SourceVersion "1"]
[SourceVersionDate "2019.10.17"]
[SourceQuality "1"]
[WhiteTeam "Iserlohn Koenigsspringer"]
[BlackTeam "Koeln Porz II"]
[WhiteTeamCountry "GER"]
[BlackTeamCountry "GER"]

1. d4 d6 2. Nf3 Bg4 3. c4 Bxf3 4. exf3 g6 5. Nc3 Bg7 6. Be3 e6 7. Qb3 Qc8 8. h4 Nf6 9. Be2 Nbd7 10. g4 h5 11. 0-0-0 a6 12. Kb1 Rb8 13. Qc2 b6 14. Rde1 Qb7 15. d5 exd5 16. g5 Ng8 17. Nxd5 c6 18. Nc3 Ne7 19. Bd3 0-0 20. Bf4 Ne5 21. Ne4 Qc7 22. Nf6+ Kh8 23. Bxe5 dxe5 24. Qc3 Rbd8 25. Bc2 Rd4 26. Qe3 Ng8 27. Nxg8 Kxg8 28. Qe2 Rfd8 29. Rd1 b5 30. cxb5 axb5 31. Be4 Qb6 32. Rc1 c5 33. Rc2 c4 34. Rhc1 Bf8 35. Qe1 Bc5 36. Ka1 R4d6 37. Qc3 Bd4 38. Qb4 Bxf2 39. a4 Be3 40. Rh1 bxa4 41. Rxc4 Bd4 42. Qa3 Rb8 43. Rb1 Qb3 44. Rxa4 Rdb6 45. Qxb3 Rxb3 46. Ka2 Rxb2+ 47. Rxb2 Rxb2+ 48. Ka3 Rh2 0-1

[Event "Oberliga NRW 1617"]
[Site "Germany"]
[Date "2016.12.11"]
[Round "4.2"]
[White "Eckardt, Joshua"]
[Black "Tereick, Benjamin"]
[Result "1/2-1/2"]
[WhiteElo "2162"]
[BlackElo "2426"]
[PlyCount "78"]
[EventDate "2016.09.25"]
[EventType "team-tourn"]
[EventRounds "9"]
[EventCountry "GER"]
[SourceTitle "EXT 2020"]
[Source "ChessBase"]
[SourceDate "2019.10.17"]
[SourceVersion "1"]
[SourceVersionDate "2019.10.17"]
[SourceQuality "1"]
[WhiteTeam "Iserlohn Koenigsspringer"]
[BlackTeam "Dinslaken"]
[WhiteTeamCountry "GER"]
[BlackTeamCountry "GER"]

1. d4 d5 2. c4 dxc4 3. e4 Nf6 4. e5 Nd5 5. Bxc4 Nc6 6. Nc3 Nb6 7. Bb5 Bd7 8. Nf3 e6 9. 0-0 Nb4 10. Be2 Bc6 11. Be3 Be7 12. Nd2 Qd7 13. Nde4 0-0-0 14. a3 N4d5 15. b4 Nxc3 16. Nxc3 Nd5 17. Qd2 f5 18. Rac1 Nxc3 19. Qxc3 Kb8 20. f4 g5 21. fxg5 Rdg8 22. Bf3 Bxf3 23. Rxf3 Bxg5 24. Bxg5 Rxg5 25. d5 Rhg8 26. dxe6 Rxg2+ 27. Kh1 Qxe6 28. Qxc7+ Ka8 29. Rg3 R2xg3 30. hxg3 Qd5+ 31. Kh2 Qd2+ 32. Kh3 Qh6+ 33. Kg2 a6 34. Rd1 Rxg3+ 35. Kxg3 Qe3+ 36. Kg2 Qe2+ 37. Kg3 Qe3+ 38. Kg2 Qe2+ 39. Kg3 Qe3+ 1/2-1/2

[Event "Oberliga NRW 1617"]
[Site "Germany"]
[Date "2016.10.23"]
[Round "2.3"]
[White "Franke, Johannes"]
[Black "Eckardt, Joshua"]
[Result "1/2-1/2"]
[WhiteElo "2308"]
[BlackElo "2162"]
[PlyCount "31"]
[EventDate "2016.09.25"]
[EventType "team-tourn"]
[EventRounds "9"]
[EventCountry "GER"]
[SourceTitle "EXT 2020"]
[Source "ChessBase"]
[SourceDate "2019.10.17"]
[SourceVersion "1"]
[SourceVersionDate "2019.10.17"]
[SourceQuality "1"]
[WhiteTeam "Wattenscheid"]
[BlackTeam "Iserlohn Koenigsspringer"]
[WhiteTeamCountry "GER"]
[BlackTeamCountry "GER"]

1. e4 e6 2. d3 d5 3. Nd2 c5 4. g3 Nc6 5. Bg2 g6 6. f4 Bg7 7. Ngf3 Nge7 8. 0-0 b6 9. e5 Bb7 10. c3 Nf5 11. Re1 Qd7 12. Nf1 h5 13. Be3 d4 14. cxd4 Ncxd4 15. Nxd4 cxd4 16. Bf2 1/2-1/2

[Event "Oberliga NRW 1617"]
[Site "Germany"]
[Date "2016.09.25"]
[Round "1.3"]
[White "Litwak, Aleksej"]
[Black "Eckardt, Joshua"]
[Result "1-0"]
[WhiteElo "2301"]
[BlackElo "2162"]
[PlyCount "93"]
[EventDate "2016.09.25"]
[EventType "team-tourn"]
[EventRounds "9"]
[EventCountry "GER"]
[SourceTitle "EXT 2020"]
[Source "ChessBase"]
[SourceDate "2019.10.17"]
[SourceVersion "1"]
[SourceVersionDate "2019.10.17"]
[SourceQuality "1"]
[WhiteTeam "Oberhausen"]
[BlackTeam "Iserlohn Koenigsspringer"]
[WhiteTeamCountry "GER"]
[BlackTeamCountry "GER"]

1. e4 e6 2. d4 d5 3. Nd2 Nf6 4. e5 Nfd7 5. Bd3 c5 6. c3 Nc6 7. Ne2 cxd4 8. cxd4 f6 9. exf6 Nxf6 10. Nf3 Bd6 11. 0-0 0-0 12. Bf4 Bxf4 13. Nxf4 Ne4 14. Qc1 Ng5 15. Nxg5 Qxg5 16. Ne2 Qf6 17. Qe3 a6 18. Rac1 Bd7 19. a3 Rac8 20. b4 Na7 21. Rxc8 Rxc8 22. Rc1 Rxc1+ 23. Qxc1 Nc6 24. Qc5 g6 25. b5 axb5 26. Bxb5 Qf8 27. Bxc6 Qxc5 28. dxc5 Bxc6 29. f4 Kf7 30. Nd4 Bd7 31. g4 h6 32. h4 g5 33. hxg5 hxg5 34. Nf3 gxf4 35. Ne5+ Ke7 36. Nxd7 Kxd7 37. g5 e5 38. g6 Ke6 39. a4 d4 40. a5 d3 41. g7 Kf7 42. Kf2 e4 43. a6 bxa6 44. g8Q+ Kxg8 45. c6 e3+ 46. Ke1 f3 47. c7 1-0

[Event "Dortmund Sparkassen op-A 44th"]
[Site "Dortmund"]
[Date "2016.07.14"]
[Round "6"]
[White "Boehm, Juergen1"]
[Black "Eckardt, Joshua"]
[Result "1-0"]
[WhiteElo "2176"]
[BlackElo "2133"]
[PlyCount "46"]
[EventDate "2016.07.09"]
[EventType "swiss"]
[EventRounds "9"]
[EventCountry "GER"]
[SourceTitle "CBM 173 Extra"]
[Source "ChessBase"]
[SourceDate "2016.08.29"]
[SourceVersion "1"]
[SourceVersionDate "2016.08.29"]
[SourceQuality "1"]

1. d4 Nf6 2. Bg5 c5 3. Nc3 cxd4 4. Qxd4 Nc6 5. Qh4 e6 6. e4 Be7 7. 0-0-0 Qa5 8. f4 d6 9. Nf3 h6 10. e5 dxe5 11. fxe5 Nxe5 12. Nxe5 Qxe5 13. Bb5+ Kf8 14. Bf4 Qc5 15. Qg3 Nh5 16. Qe3 Qb4 17. Rd4 Qa5 18. Ra4 Qxa4 19. Bxa4 Nxf4 20. Qf3 g5 21. g3 Ng6 22. Qh5 Kg7 23. Rf1 Bf6 1-0

[Event "Dortmund Sparkassen op-A 44th"]
[Site "Dortmund"]
[Date "2016.07.13"]
[Round "5"]
[White "Eckardt, Joshua"]
[Black "Brockhaus, Philip"]
[Result "1-0"]
[WhiteElo "2133"]
[BlackElo "1881"]
[PlyCount "69"]
[EventDate "2016.07.09"]
[EventType "swiss"]
[EventRounds "9"]
[EventCountry "GER"]
[SourceTitle "CBM 173 Extra"]
[Source "ChessBase"]
[SourceDate "2016.08.29"]
[SourceVersion "1"]
[SourceVersionDate "2016.08.29"]
[SourceQuality "1"]

1. d4 d5 2. c4 e6 3. Nf3 Nf6 4. g3 dxc4 5. Bg2 Bb4+ 6. Bd2 c5 7. Bxb4 cxb4 8. Ne5 0-0 9. Nxc4 Nc6 10. e3 e5 11. d5 b5 12. dxc6 Qxd1+ 13. Kxd1 bxc4 14. a3 Bg4+ 15. Kc1 a5 16. h3 Be2 17. Nd2 Bd3 18. Rd1 b3 19. g4 Rad8 20. g5 Nd5 21. Nxb3 Nxe3 22. fxe3 cxb3 23. h4 Bb5 24. a4 Bc4 25. Ra3 Rfe8 26. Rxd8 Rxd8 27. Bh3 Be6 28. Bxe6 fxe6 29. Rxb3 Rc8 30. Rc3 Kf7 31. Kc2 e4 32. b4 axb4 33. Rc4 Ke7 34. Kb3 Kd6 35. c7 1-0